000 00702nam a2200289Ia 4500
005 20260324141129.0
008 008 260324s9999 xx 000 0 eng d
020 _a9780203773215
037 _aEBOOK
040 _aCRL
040 _beng
040 _cCRL
041 _2eng
041 _aeng
084 _qCRL
100 _aMark E. Maruish; James A. Moses
_91207035
245 0 _aClinical Neuropsychology
245 0 _bTheoretical Foundations for Practitioners
260 _bTaylor and Francis
260 _c1997
365 _a
365 _b180
856 _uhttp://www.taylorfrancis.com/books/9780203773215
942 _cEBOOK
999 _c1809803
_d1809803